000 00400nam a2200109Ia 4500
008 171211s9999 xx 000 0 und d
245 _aProfit Upgrade: How to Turn Your Workforce into Your Salesforce, and Add GBP 1, 000s, GBP 100, 000s or GBP 1m+ to Your Bottom-l
245 _cRichard Parkes Cordock
260 _c2008
650 _xECONOMICS
856 _uhttp://down.ebook777.com/062/095529861X.pdf
999 _c349592
_d349592